000 00324nam a22001457a 4500
008 230721b ||||| |||| 00| 0 eng d
020 _a9780521338462
041 _aeng
080 _a53
082 _a53D'ES
100 _a20.1
101 _aFIZIK
245 _aREALITY AND THE PHYSICIST
_cD'ESPAGANT .B
942 _2udc
_cBK
999 _c60201
_d60201